[Event "WYCC Girls U18"]
[Site "Porto Carras"]
[Date "2015.10.31"]
[Round "6.5"]
[White "Harazinska, Ewa"]
[Black "Uuriintuya, Uurtsaikh"]
[Result "1/2-1/2"]
[BlackElo "2237"]
[WhiteElo "2087"]
[LiveChessVersion "1.4.6"]

1. e4 {[%clk 1:30:57]} c5 {[%clk 1:30:52]} 2. Nf3 {[%clk 1:31:22]} Nc6
{[%clk 1:27:36]} 3. d4 {[%clk 1:31:43]} cxd4 {[%clk 1:28:02]} 4. Nxd4
{[%clk 1:32:07]} g6 {[%clk 1:23:58]} 5. c4 {[%clk 1:32:30]} Bg7 {[%clk 1:24:23]}
6. Be3 {[%clk 1:32:49]} Nf6 {[%clk 1:24:39]} 7. Nc3 {[%clk 1:33:14]} d6
{[%clk 1:24:56]} 8. Be2 {[%clk 1:33:35]} O-O {[%clk 1:25:19]} 9. O-O
{[%clk 1:34:00]} Bd7 {[%clk 1:24:23]} 10. Nb3 {[%clk 1:34:23]} a5
{[%clk 1:17:33]} 11. Nd2 {[%clk 1:34:44]} Ne5 {[%clk 1:16:44]} 12. Nd5
{[%clk 1:27:34]} Bc6 {[%clk 1:14:02]} 13. Bb6 {[%clk 1:12:59]} Qd7
{[%clk 1:14:23]} 14. f4 {[%clk 1:12:37]} Neg4 {[%clk 1:14:31]} 15. h3
{[%clk 1:12:16]} Nh6 {[%clk 1:10:47]} 16. Rc1 {[%clk 1:04:20]} Kh8
{[%clk 1:06:27]} 17. b3 {[%clk 1:02:50]} Rfc8 {[%clk 0:51:47]} 18. Bd3
{[%clk 0:57:14]} e6 {[%clk 0:43:49]} 19. Nc3 {[%clk 0:52:04]} Qe7
{[%clk 0:37:39]} 20. Nf3 {[%clk 0:46:20]} d5 {[%clk 0:32:47]} 21. cxd5
{[%clk 0:38:45]} exd5 {[%clk 0:32:50]} 22. e5 {[%clk 0:37:44]} Ne4
{[%clk 0:29:37]} 23. Kh2 {[%clk 0:25:47]} Qb4 {[%clk 0:27:01]} 24. Nxe4
{[%clk 0:23:35]} Qxb6 {[%clk 0:25:14]} 25. Nd6 {[%clk 0:22:38]} Rd8
{[%clk 0:23:21]} 26. a4 {[%clk 0:19:51]} Bf8 {[%clk 0:20:08]} 27. Nb5
{[%clk 0:19:31]} Bc5 {[%clk 0:20:03]} 28. Ng5 {[%clk 0:18:08]} Kg8
{[%clk 0:17:12]} 29. g4 {[%clk 0:17:40]} Be3 {[%clk 0:17:08]} 30. Rc2
{[%clk 0:17:47]} Bxb5 {[%clk 0:13:02]} 31. Bxb5 {[%clk 0:18:03]} Kg7
{[%clk 0:10:18]} 32. Qf3 {[%clk 0:15:56]} d4 {[%clk 0:07:21]} 33. Rd1
{[%clk 0:16:13]} Rac8 {[%clk 0:07:32]} 34. Rxc8 {[%clk 0:16:12]} Rxc8
{[%clk 0:08:01]} 35. Bc4 {[%clk 0:16:40]} Qb4 {[%clk 0:06:52]} 36. Kg3
{[%clk 0:12:55]} Re8 {[%clk 0:05:04]} 37. Qd5 {[%clk 0:12:30]} Qc3
{[%clk 0:04:29]} 38. Qf3 {[%clk 0:10:35]} Qc2 {[%clk 0:03:59]} 39. e6
{[%clk 0:10:12]} Re7 {[%clk 0:03:01]} 40. exf7 {[%clk 0:35:09]} Bf2+
{[%clk 0:30:41]} 41. Kg2 {[%clk 0:35:32]} Bh4+ {[%clk 0:25:55]} 42. Kh1
{[%clk 0:31:46]} Nxf7 {[%clk 0:18:39]} 43. Ne6+ {[%clk 0:30:24]} Kh8
{[%clk 0:15:09]} 44. Nxd4 {[%clk 0:30:00]} Qb2 {[%clk 0:14:36]} 45. Bxf7
{[%clk 0:28:07]} Rxf7 {[%clk 0:14:52]} 46. Ne6 {[%clk 0:24:21]} h6
{[%clk 0:12:31]} 47. Qd5 {[%clk 0:21:34]} Qc2 {[%clk 0:10:08]} 48. Rd2
{[%clk 0:15:22]} Qc1+ {[%clk 0:08:34]} 49. Kg2 {[%clk 0:15:40]} Bf6
{[%clk 0:05:36]} 50. Re2 {[%clk 0:14:31]} Qc3 {[%clk 0:04:06]} 51. Ng5
{[%clk 0:11:12]} Rf8 {[%clk 0:03:44]} 52. Ne4 {[%clk 0:11:06]} Qd4
{[%clk 0:03:07]} 53. Qxb7 {[%clk 0:07:40]} Bg7 {[%clk 0:02:29]} 54. Rf2
{[%clk 0:06:31]} Re8 {[%clk 0:02:19]} 55. Ng3 {[%clk 0:06:45]} Re3
{[%clk 0:02:16]} 56. Qa8+ {[%clk 0:04:47]} Kh7 {[%clk 0:02:28]} 57. f5
{[%clk 0:04:54]} Rxb3 {[%clk 0:01:38]} 58. fxg6+ {[%clk 0:03:24]} Kxg6
{[%clk 0:02:06]} 59. Nf5 {[%clk 0:03:36]} Qe5 {[%clk 0:01:58]} 60. Qc6+
{[%clk 0:02:41]} Kh7 {[%clk 0:02:15]} 61. Qc2 {[%clk 0:03:03]} Qd5+
{[%clk 0:02:10]} 62. Kg1 {[%clk 0:03:05]} Rc3 {[%clk 0:02:10]} 63. Qb1
{[%clk 0:01:42]} Rb3 {[%clk 0:02:29]} 64. Qc2 {[%clk 0:02:11]} Rc3
{[%clk 0:02:53]} 65. Qb1 {[%clk 0:01:24]} Rb3 {[%clk 0:03:18]} 66. Qc2
{[%clk 0:01:24]} Rc3 {[%clk 0:03:45]} 1/2-1/2

[Event "WYCC Girls U18"]
[Site "Porto Carras"]
[Date "2015.10.31"]
[Round "6.6"]
[White "Terbe, Zsuzsanna"]
[Black "Parpieva, Nodirabegim"]
[Result "0-1"]
[BlackElo "1901"]
[WhiteElo "2160"]
[LiveChessVersion "1.4.6"]

1. e4 {[%clk 1:30:55]} e5 {[%clk 1:30:56]} 2. Nf3 {[%clk 1:30:47]} Nc6
{[%clk 1:31:21]} 3. d4 {[%clk 1:30:59]} exd4 {[%clk 1:31:44]} 4. Nxd4
{[%clk 1:31:10]} Nf6 {[%clk 1:32:06]} 5. Nxc6 {[%clk 1:30:57]} bxc6
{[%clk 1:32:29]} 6. e5 {[%clk 1:31:14]} Qe7 {[%clk 1:32:44]} 7. Qe2
{[%clk 1:31:20]} Nd5 {[%clk 1:32:58]} 8. c4 {[%clk 1:31:18]} Ba6 {[%clk 1:32:58]}
9. Nd2 {[%clk 1:30:54]} Nb6 {[%clk 1:32:59]} 10. Qe4 d5 {[%clk 1:07:27]} 11. exd6
{[%clk 1:26:30]} cxd6 {[%clk 1:07:22]} 12. b3 {[%clk 1:22:37]} d5
{[%clk 0:46:29]} 13. Qxe7+ {[%clk 1:21:18]} Bxe7 {[%clk 0:46:44]} 14. Bb2
{[%clk 1:19:04]} O-O {[%clk 0:46:34]} 15. cxd5 {[%clk 1:15:56]} Bxf1
{[%clk 0:45:54]} 16. Rxf1 {[%clk 1:16:02]} Nxd5 {[%clk 0:32:16]} 17. O-O-O
{[%clk 1:13:52]} Nb4 {[%clk 0:30:19]} 18. Kb1 {[%clk 1:12:55]} Nd3
{[%clk 0:28:50]} 19. Bc3 {[%clk 1:07:19]} Rad8 {[%clk 0:25:06]} 20. Nc4
{[%clk 1:02:46]} Bc5 {[%clk 0:07:52]} 21. f3 {[%clk 0:57:21]} Rd5
{[%clk 0:04:49]} 22. Nb2 {[%clk 0:50:45]} Nf4 {[%clk 0:04:12]} 23. g3
{[%clk 0:45:10]} Ne2 {[%clk 0:04:31]} 24. Na4 {[%clk 0:42:50]} Rxd1+
{[%clk 0:03:32]} 25. Rxd1 {[%clk 0:43:05]} Bg1 {[%clk 0:03:30]} 26. Rd2
{[%clk 0:31:11]} Re8 {[%clk 0:03:48]} 27. Be5 {[%clk 0:30:39]} Bxh2
{[%clk 0:02:44]} 28. Rxe2 {[%clk 0:30:19]} Bxg3 {[%clk 0:03:13]} 29. Bxg3
{[%clk 0:30:23]} Rxe2 {[%clk 0:03:42]} 30. Bb8 {[%clk 0:28:19]} h5
{[%clk 0:03:49]} 31. Nc3 {[%clk 0:26:02]} Rg2 {[%clk 0:03:15]} 32. Nd1
{[%clk 0:25:30]} h4 {[%clk 0:03:44]} 33. Ne3 {[%clk 0:25:31]} Re2
{[%clk 0:04:12]} 34. Ng4 {[%clk 0:25:34]} f5 {[%clk 0:04:33]} 35. Nh2
{[%clk 0:25:50]} g5 {[%clk 0:05:01]} 36. a4 {[%clk 0:25:30]} a6 {[%clk 0:05:24]}
37. Kc1 {[%clk 0:25:36]} f4 {[%clk 0:03:27]} 38. Ng4 {[%clk 0:25:41]} h3
{[%clk 0:03:47]} 0-1

[Event "WYCC Girls U18"]
[Site "Porto Carras"]
[Date "2015.10.31"]
[Round "6.7"]
[White "Virkud, Apurva"]
[Black "Gueci, Tea"]
[Result "1/2-1/2"]
[BlackElo "2110"]
[WhiteElo "2027"]
[LiveChessVersion "1.4.6"]

1. d4 {[%clk 1:30:57]} g6 {[%clk 1:30:46]} 2. c4 {[%clk 1:31:05]} Bg7
{[%clk 1:31:13]} 3. Nc3 {[%clk 1:28:16]} d6 {[%clk 1:31:38]} 4. e4
{[%clk 1:27:50]} Nf6 {[%clk 1:32:03]} 5. f3 {[%clk 1:28:08]} O-O {[%clk 1:32:26]}
6. Be3 {[%clk 1:28:26]} Nc6 {[%clk 1:32:53]} 7. Qd2 {[%clk 1:28:01]} a6
{[%clk 1:33:10]} 8. Nge2 {[%clk 1:26:49]} Bd7 {[%clk 1:33:28]} 9. Nc1
{[%clk 1:17:23]} Nh5 {[%clk 1:33:31]} 10. Nb3 {[%clk 1:14:29]} a5
{[%clk 1:33:33]} 11. d5 {[%clk 1:12:53]} Ne5 12. Nd4 {[%clk 1:11:22]} c5
{[%clk 1:23:49]} 13. dxc6 {[%clk 1:08:45]} bxc6 {[%clk 1:16:37]} 14. Be2
{[%clk 1:05:33]} f5 {[%clk 1:05:06]} 15. exf5 {[%clk 0:59:26]} gxf5
{[%clk 1:04:40]} 16. O-O {[%clk 0:56:31]} f4 {[%clk 0:58:12]} 17. Bf2
{[%clk 0:56:17]} Qe8 {[%clk 0:44:57]} 18. Ne4 {[%clk 0:42:44]} Qg6
{[%clk 0:40:11]} 19. Bh4 {[%clk 0:36:23]} Rfe8 {[%clk 0:35:16]} 20. Rf2
{[%clk 0:30:06]} Bh6 {[%clk 0:27:41]} 21. Qd1 {[%clk 0:25:16]} Ng7
{[%clk 0:26:14]} 22. Rf1 {[%clk 0:13:35]} Rab8 {[%clk 0:17:19]} 23. Be1
{[%clk 0:10:55]} Kh8 {[%clk 0:13:08]} 24. Bc3 {[%clk 0:09:02]} Rg8
{[%clk 0:10:52]} 25. Rf2 {[%clk 0:07:31]} c5 {[%clk 0:09:58]} 26. Nc2
{[%clk 0:07:07]} Bf5 {[%clk 0:10:06]} 27. Ne1 {[%clk 0:06:13]} Bxe4
{[%clk 0:07:47]} 28. fxe4 {[%clk 0:06:32]} Qxe4 {[%clk 0:06:22]} 29. Bf3
{[%clk 0:04:49]} Nxf3+ {[%clk 0:04:22]} 30. Nxf3 {[%clk 0:05:10]} Qxc4
{[%clk 0:04:06]} 31. Qd2 {[%clk 0:04:10]} Qa6 {[%clk 0:02:23]} 32. Rd1
{[%clk 0:03:58]} Rb6 {[%clk 0:01:21]} 33. Qd5 {[%clk 0:01:58]} e5
{[%clk 0:01:13]} 34. Nxe5 {[%clk 0:02:00]} dxe5 {[%clk 0:01:21]} 35. Qxe5
{[%clk 0:02:28]} Re6 {[%clk 0:01:09]} 36. Qxc5 {[%clk 0:02:16]} f3
{[%clk 0:01:06]} 37. Rxf3 {[%clk 0:01:52]} Qe2 {[%clk 0:01:16]} 38. Re1
{[%clk 0:01:25]} Qxe1+ {[%clk 0:00:46]} 39. Bxe1 {[%clk 0:01:52]} Rxe1+
{[%clk 0:01:14]} 40. Kf2 {[%clk 0:32:07]} Re6 {[%clk 0:31:14]} 41. Qxa5
{[%clk 0:29:37]} Rge8 {[%clk 0:29:40]} 42. Qc3 {[%clk 0:24:56]} Re2+
{[%clk 0:28:00]} 43. Kf1 {[%clk 0:24:26]} Bd2 {[%clk 0:25:16]} 44. Qf6
{[%clk 0:23:10]} h6 {[%clk 0:22:25]} 45. Qa6 {[%clk 0:18:38]} R2e6
{[%clk 0:19:05]} 46. Qd3 {[%clk 0:17:10]} Bg5 {[%clk 0:18:30]} 47. Qc3
{[%clk 0:15:22]} Kg8 {[%clk 0:16:09]} 48. Qc4 {[%clk 0:14:22]} Nh5
{[%clk 0:15:00]} 49. g3 {[%clk 0:10:37]} Nf6 {[%clk 0:12:43]} 50. Kg2
{[%clk 0:06:19]} Ne4 {[%clk 0:10:00]} 51. Qd5 {[%clk 0:06:08]} Kg7
{[%clk 0:09:15]} 52. Qd7+ {[%clk 0:05:28]} R8e7 {[%clk 0:09:25]} 53. Qd8
{[%clk 0:03:53]} Re8 {[%clk 0:08:59]} 54. Qd7+ {[%clk 0:04:21]} R8e7
{[%clk 0:09:26]} 55. Qd8 {[%clk 0:04:41]} Re8 {[%clk 0:09:11]} 56. Qd7+
{[%clk 0:05:03]} 1/2-1/2

[Event "WYCC Girls U18"]
[Site "Porto Carras"]
[Date "2015.10.31"]
[Round "6.8"]
[White "Srija, Seshadri"]
[Black "Gholami Orimi, Anahita"]
[Result "1-0"]
[BlackElo "2058"]
[WhiteElo "1911"]
[LiveChessVersion "1.4.6"]

1. e4 {[%clk 1:30:57]} e5 {[%clk 1:30:53]} 2. Nf3 {[%clk 1:31:19]} Nc6
{[%clk 1:31:17]} 3. Bb5 {[%clk 1:31:43]} a6 {[%clk 1:31:39]} 4. Ba4
{[%clk 1:32:08]} Nf6 {[%clk 1:32:04]} 5. O-O {[%clk 1:32:32]} b5 {[%clk 1:32:30]}
6. Bb3 {[%clk 1:32:58]} Bc5 {[%clk 1:32:57]} 7. a4 {[%clk 1:33:14]} Rb8
{[%clk 1:32:11]} 8. c3 {[%clk 1:33:33]} d6 {[%clk 1:31:46]} 9. d4
{[%clk 1:33:58]} Bb6 {[%clk 1:30:50]} 10. axb5 {[%clk 1:34:18]} axb5
{[%clk 1:31:18]} 11. Qd3 {[%clk 1:34:25]} O-O {[%clk 1:26:33]} 12. Bg5
{[%clk 1:34:29]} Bb7 {[%clk 1:17:42]} 13. Nbd2 {[%clk 1:31:49]} h6
{[%clk 1:12:25]} 14. Bh4 {[%clk 1:30:44]} Qe7 {[%clk 1:06:35]} 15. Rfe1
{[%clk 1:29:27]} Na5 {[%clk 1:05:31]} 16. Bc2 {[%clk 1:27:29]} b4
{[%clk 0:53:45]} 17. d5 {[%clk 1:21:39]} c5 {[%clk 0:51:10]} 18. Qb5
{[%clk 1:17:28]} Qd8 {[%clk 0:47:03]} 19. Bxf6 {[%clk 1:15:21]} gxf6
{[%clk 0:47:22]} 20. Nh4 {[%clk 1:13:04]} Kh7 {[%clk 0:45:47]} 21. Qe2
{[%clk 1:12:41]} Bc8 {[%clk 0:42:20]} 22. c4 {[%clk 1:07:03]} Rg8
{[%clk 0:41:26]} 23. b3 {[%clk 1:05:54]} Bg4 {[%clk 0:36:44]} 24. Qe3
{[%clk 1:04:51]} Nb7 {[%clk 0:35:54]} 25. Nf5 {[%clk 1:03:59]} Bxf5
{[%clk 0:35:32]} 26. exf5 {[%clk 1:04:27]} Ra8 {[%clk 0:35:12]} 27. Ne4
{[%clk 1:03:36]} Qe7 {[%clk 0:33:33]} 28. Qh3 {[%clk 1:02:03]} Ra3
{[%clk 0:32:28]} 29. Qh4 {[%clk 1:00:24]} Kg7 {[%clk 0:31:23]} 30. Rad1
{[%clk 0:58:46]} Bd8 {[%clk 0:30:50]} 31. Rd3 {[%clk 0:55:43]} Rh8
{[%clk 0:30:42]} 32. Rg3+ {[%clk 0:55:53]} Kf8 {[%clk 0:30:55]} 33. Qg4
{[%clk 0:56:06]} Ke8 {[%clk 0:31:00]} 34. Qg7 {[%clk 0:56:18]} Rf8
{[%clk 0:27:15]} 35. Qxh6 {[%clk 0:56:38]} Ra2 {[%clk 0:24:50]} 36. Bb1
{[%clk 0:56:42]} Ra1 {[%clk 0:25:06]} 37. h4 {[%clk 0:56:27]} Kd7
{[%clk 0:24:39]} 38. Nxf6+ {[%clk 0:55:46]} Kc8 {[%clk 0:24:33]} 39. Nh7
{[%clk 0:54:51]} 1-0

[Event "WYCC Girls U18"]
[Site "Porto Carras"]
[Date "2015.10.31"]
[Round "6.9"]
[White "Styazhkina, Anna"]
[Black "Janzelj, Lara"]
[Result "1-0"]
[BlackElo "2066"]
[WhiteElo "2318"]
[LiveChessVersion "1.4.6"]

1. e4 {[%clk 1:30:56]} d5 {[%clk 1:30:54]} 2. exd5 {[%clk 1:31:13]} Qxd5
{[%clk 1:31:18]} 3. Nc3 {[%clk 1:31:32]} Qd6 {[%clk 1:31:44]} 4. d4
{[%clk 1:31:45]} Nf6 {[%clk 1:32:03]} 5. Nf3 {[%clk 1:31:48]} Bg4
{[%clk 1:32:10]} 6. h3 {[%clk 1:27:42]} Bh5 {[%clk 1:32:30]} 7. g4
{[%clk 1:20:28]} Bg6 {[%clk 1:31:31]} 8. Ne5 {[%clk 1:19:42]} Nbd7
{[%clk 1:26:20]} 9. Bf4 {[%clk 1:12:13]} Qb6 {[%clk 1:13:54]} 10. Nc4
{[%clk 0:59:35]} Qe6+ {[%clk 1:08:35]} 11. Ne3 {[%clk 0:59:28]} Qb6
{[%clk 0:55:02]} 12. Nb5 {[%clk 0:51:19]} Rc8 {[%clk 0:51:25]} 13. c4
{[%clk 0:34:38]} c6 {[%clk 0:47:32]} 14. c5 {[%clk 0:33:53]} Qa5+
{[%clk 0:46:46]} 15. Nc3 {[%clk 0:34:15]} Be4 {[%clk 0:34:49]} 16. Nc4
{[%clk 0:31:54]} Qd8 {[%clk 0:33:44]} 17. Nxe4 {[%clk 0:30:08]} Nxe4
{[%clk 0:33:53]} 18. Qe2 {[%clk 0:30:06]} f5 {[%clk 0:31:29]} 19. gxf5
{[%clk 0:29:28]} Ndf6 {[%clk 0:31:48]} 20. f3 {[%clk 0:28:43]} Qxd4
{[%clk 0:31:13]} 21. fxe4 {[%clk 0:28:37]} Qxc5 {[%clk 0:31:08]} 22. Bg2
{[%clk 0:25:26]} b5 {[%clk 0:30:55]} 23. Nd2 {[%clk 0:24:12]} Rd8
{[%clk 0:29:01]} 24. Nb3 {[%clk 0:23:16]} Qb6 {[%clk 0:28:29]} 25. Be3
{[%clk 0:22:38]} Qc7 {[%clk 0:28:26]} 26. O-O {[%clk 0:21:47]} e6
{[%clk 0:27:51]} 27. Nd4 {[%clk 0:21:41]} 1-0

[Event "WYCC Girls U18"]
[Site "Porto Carras"]
[Date "2015.10.31"]
[Round "6.10"]
[White "Ovezdurdiyeva, Jemal"]
[Black "Amrayeva, Aytan"]
[Result "1/2-1/2"]
[BlackElo "2193"]
[WhiteElo "1984"]
[LiveChessVersion "1.4.6"]

1. d4 {[%clk 1:30:56]} f5 {[%clk 1:30:29]} 2. c4 {[%clk 1:30:56]} g6
{[%clk 1:30:49]} 3. Nc3 {[%clk 1:30:40]} Nf6 {[%clk 1:30:53]} 4. g3
{[%clk 1:30:24]} Bg7 {[%clk 1:31:13]} 5. Bg2 {[%clk 1:30:49]} d6 {[%clk 1:31:28]}
6. Bf4 {[%clk 1:28:27]} Nbd7 {[%clk 1:31:26]} 7. e4 fxe4 {[%clk 1:31:26]} 8. Nxe4
{[%clk 1:22:59]} Nxe4 {[%clk 1:29:44]} 9. Bxe4 {[%clk 1:23:26]} O-O
{[%clk 1:29:50]} 10. Ne2 {[%clk 1:17:50]} e5 {[%clk 1:27:55]} 11. dxe5
{[%clk 1:17:31]} dxe5 {[%clk 1:17:28]} 12. Be3 {[%clk 1:16:21]} Nf6
{[%clk 1:15:39]} 13. Qxd8 {[%clk 1:13:10]} Rxd8 {[%clk 1:16:04]} 14. Bg2
{[%clk 1:13:19]} Be6 {[%clk 1:14:59]} 15. b3 {[%clk 1:04:51]} c6 {[%clk 1:13:41]}
16. O-O {[%clk 1:04:31]} Ng4 {[%clk 1:13:05]} 17. Bg5 {[%clk 1:03:46]} Rf8
{[%clk 1:07:43]} 18. Rad1 {[%clk 0:51:30]} h6 {[%clk 1:05:54]} 19. Be7
{[%clk 0:49:37]} Rfe8 {[%clk 0:57:30]} 20. Bc5 {[%clk 0:44:54]} Bf5
{[%clk 0:54:46]} 21. h3 {[%clk 0:40:06]} Nf6 {[%clk 0:54:23]} 22. g4
{[%clk 0:40:25]} Be6 {[%clk 0:54:03]} 23. Ng3 {[%clk 0:40:29]} Bf7
{[%clk 0:50:25]} 24. Rfe1 {[%clk 0:40:04]} Re6 {[%clk 0:46:09]} 25. Ne4
{[%clk 0:38:32]} Nxe4 {[%clk 0:46:25]} 26. Bxe4 {[%clk 0:38:35]} Bf8
{[%clk 0:27:41]} 27. Be3 {[%clk 0:33:14]} Be8 {[%clk 0:26:25]} 28. Rd3
{[%clk 0:32:12]} Be7 {[%clk 0:20:13]} 29. Red1 {[%clk 0:26:59]} Kg7
{[%clk 0:20:02]} 30. Bd2 {[%clk 0:27:04]} Rc8 {[%clk 0:18:16]} 31. Bc3
{[%clk 0:26:58]} Kg8 {[%clk 0:16:14]} 32. Re1 {[%clk 0:25:29]} Bg5
{[%clk 0:12:01]} 33. Bd2 {[%clk 0:20:41]} Bxd2 {[%clk 0:08:44]} 34. Rxd2
{[%clk 0:21:10]} Kg7 {[%clk 0:08:50]} 35. Red1 {[%clk 0:18:50]} 1/2-1/2

[Event "WYCC Girls U18"]
[Site "Porto Carras"]
[Date "2015.10.31"]
[Round "6.11"]
[White "Assaubayeva, Bibisara"]
[Black "Fuskova, Martina"]
[Result "0-1"]
[BlackElo "2050"]
[WhiteElo "2183"]
[LiveChessVersion "1.4.6"]

1. d4 {[%clk 1:30:59]} Nf6 {[%clk 1:30:52]} 2. c4 {[%clk 1:31:17]} e6
{[%clk 1:31:13]} 3. Nf3 {[%clk 1:31:37]} b6 {[%clk 1:31:28]} 4. g3
{[%clk 1:31:51]} Ba6 {[%clk 1:31:25]} 5. Qc2 {[%clk 1:31:57]} Be7
{[%clk 1:19:57]} 6. e4 {[%clk 1:26:16]} d5 {[%clk 1:18:02]} 7. e5
{[%clk 1:24:29]} Nfd7 {[%clk 1:15:27]} 8. cxd5 {[%clk 1:21:19]} Bxf1
{[%clk 1:12:29]} 9. Kxf1 {[%clk 1:21:27]} exd5 {[%clk 1:12:47]} 10. Nc3
{[%clk 1:21:29]} Nf8 {[%clk 1:10:54]} 11. Kg2 {[%clk 1:20:05]} Ne6
{[%clk 1:10:59]} 12. Be3 {[%clk 1:17:22]} O-O {[%clk 1:08:25]} 13. Rhd1
{[%clk 1:14:58]} c6 {[%clk 1:07:43]} 14. Ne2 {[%clk 1:09:03]} Qd7
{[%clk 1:06:41]} 15. Rac1 {[%clk 1:08:04]} Rc8 {[%clk 1:06:20]} 16. Nc3
{[%clk 1:00:44]} Na6 {[%clk 1:00:44]} 17. a3 {[%clk 0:53:10]} Rd8
{[%clk 0:56:44]} 18. Ne1 {[%clk 0:47:23]} f6 {[%clk 0:52:31]} 19. Qe2
{[%clk 0:38:00]} Nac7 {[%clk 0:51:17]} 20. f4 {[%clk 0:36:01]} fxe5
{[%clk 0:50:57]} 21. dxe5 {[%clk 0:33:27]} d4 {[%clk 0:45:08]} 22. Bf2
{[%clk 0:28:33]} c5 {[%clk 0:44:31]} 23. Ne4 {[%clk 0:23:35]} Qd5
{[%clk 0:42:29]} 24. Qf3 {[%clk 0:21:16]} Rf8 {[%clk 0:40:55]} 25. Nc2
{[%clk 0:16:35]} Rad8 {[%clk 0:39:21]} 26. b4 {[%clk 0:12:31]} Qa8
{[%clk 0:33:55]} 27. bxc5 {[%clk 0:08:41]} bxc5 {[%clk 0:34:07]} 28. Ne1
{[%clk 0:07:31]} Nd5 {[%clk 0:28:08]} 29. f5 {[%clk 0:05:00]} Ng5
{[%clk 0:26:31]} 30. Nxg5 {[%clk 0:02:28]} Bxg5 {[%clk 0:26:52]} 31. Kg1
{[%clk 0:02:25]} Bxc1 {[%clk 0:26:38]} 32. Rxc1 {[%clk 0:02:53]} Nc3
{[%clk 0:25:53]} 33. Qd3 {[%clk 0:01:53]} Qe4 {[%clk 0:24:57]} 34. Rxc3
{[%clk 0:01:42]} Qxe5 {[%clk 0:24:28]} 35. Qc4+ {[%clk 0:01:21]} Qd5
{[%clk 0:22:17]} 36. Qxd5+ {[%clk 0:00:46]} Rxd5 {[%clk 0:22:37]} 37. Rc1
{[%clk 0:00:34]} Rdxf5 {[%clk 0:21:56]} 38. Nd3 {[%clk 0:00:50]} Rf3
{[%clk 0:20:15]} 39. Nf4 {[%clk 0:01:19]} Rf5 {[%clk 0:14:55]} 40. a4
{[%clk 0:30:34]} g5 {[%clk 0:43:31]} 41. Nh3 {[%clk 0:27:58]} Ra3
{[%clk 0:40:48]} 42. Be1 {[%clk 0:21:47]} Rxa4 {[%clk 0:39:29]} 43. Nf2
{[%clk 0:20:37]} c4 {[%clk 0:38:24]} 44. Ne4 {[%clk 0:16:26]} Re5
{[%clk 0:37:06]} 45. Nd6 {[%clk 0:13:03]} c3 {[%clk 0:35:52]} 46. g4
{[%clk 0:12:42]} Ra2 {[%clk 0:34:10]} 47. Nf5 {[%clk 0:10:55]} Re4
{[%clk 0:33:43]} 48. Bg3 {[%clk 0:07:09]} d3 {[%clk 0:21:29]} 49. Rxc3
{[%clk 0:01:54]} d2 {[%clk 0:21:36]} 50. Rc8+ {[%clk 0:02:23]} Kf7
{[%clk 0:21:49]} 51. Rc7+ {[%clk 0:02:17]} Kf6 {[%clk 0:21:08]} 52. Rc6+
{[%clk 0:01:57]} Re6 {[%clk 0:21:19]} 53. Rxe6+ {[%clk 0:02:07]} Kxe6
{[%clk 0:21:43]} 54. Ne3 {[%clk 0:02:34]} Ra1+ {[%clk 0:21:59]} 55. Kg2
{[%clk 0:02:00]} d1=Q {[%clk 0:21:56]} 56. Nxd1 {[%clk 0:02:24]} Rxd1
{[%clk 0:22:19]} 0-1

[Event "WYCC Girls U18"]
[Site "Porto Carras"]
[Date "2015.10.31"]
[Round "6.12"]
[White "Barchuk, Irina"]
[Black "Trippold, Denise"]
[Result "0-1"]
[BlackElo "1982"]
[WhiteElo "2180"]
[LiveChessVersion "1.4.6"]

1. e4 {[%clk 1:30:59]} c5 {[%clk 1:30:53]} 2. Nf3 {[%clk 1:31:24]} e6
{[%clk 1:31:15]} 3. d4 {[%clk 1:31:49]} cxd4 {[%clk 1:31:35]} 4. Nxd4
{[%clk 1:32:16]} Nc6 {[%clk 1:31:45]} 5. Nc3 {[%clk 1:32:41]} Qc7
{[%clk 1:31:43]} 6. Be3 {[%clk 1:32:50]} a6 {[%clk 1:31:47]} 7. Qf3
{[%clk 1:32:46]} Nf6 {[%clk 1:31:55]} 8. O-O-O {[%clk 1:31:17]} Ne5
{[%clk 1:31:11]} 9. Qg3 {[%clk 1:31:29]} b5 {[%clk 1:28:55]} 10. f4
{[%clk 1:26:12]} Neg4 {[%clk 1:27:58]} 11. Bg1 {[%clk 1:25:05]} b4
{[%clk 1:24:40]} 12. Na4 {[%clk 1:24:29]} Nh6 {[%clk 1:02:13]} 13. Bd3
{[%clk 1:22:08]} Nh5 {[%clk 0:59:47]} 14. Qf3 {[%clk 1:18:00]} Nxf4
{[%clk 0:57:13]} 15. Be3 {[%clk 1:13:00]} Nxd3+ {[%clk 0:47:33]} 16. Rxd3
{[%clk 1:13:24]} Ng8 {[%clk 0:47:25]} 17. Rf1 {[%clk 1:11:57]} Nf6
{[%clk 0:45:54]} 18. e5 {[%clk 1:00:09]} Bb7 {[%clk 0:40:06]} 19. Qf4
{[%clk 1:00:34]} Bxg2 {[%clk 0:23:54]} 20. Rf2 {[%clk 0:58:33]} Be4
{[%clk 0:21:42]} 21. Rd1 {[%clk 0:57:38]} d5 {[%clk 0:18:08]} 22. exf6
{[%clk 0:54:22]} Qxf4 {[%clk 0:18:36]} 23. Bxf4 {[%clk 0:54:43]} gxf6
{[%clk 0:19:02]} 24. Be3 {[%clk 0:51:28]} Bd6 {[%clk 0:15:35]} 25. Nb3
{[%clk 0:42:49]} Ke7 {[%clk 0:12:25]} 26. Nb6 {[%clk 0:40:22]} Rab8
{[%clk 0:12:29]} 27. Nc5 {[%clk 0:38:15]} Bg6 {[%clk 0:11:05]} 28. Nxa6
{[%clk 0:37:09]} Rb7 {[%clk 0:08:42]} 29. Kb1 {[%clk 0:33:58]} Rd8
{[%clk 0:07:45]} 30. Na4 {[%clk 0:32:52]} b3 {[%clk 0:04:49]} 31. axb3
{[%clk 0:32:52]} Rxb3 {[%clk 0:04:59]} 32. Bc5 {[%clk 0:31:42]} Rc8
{[%clk 0:04:17]} 33. Ka2 {[%clk 0:26:26]} Rb5 {[%clk 0:03:00]} 34. b4
{[%clk 0:19:32]} Ra8 {[%clk 0:02:04]} 35. Bxd6+ {[%clk 0:19:32]} Kxd6
{[%clk 0:02:33]} 36. c4 {[%clk 0:18:02]} Rxa6 {[%clk 0:02:22]} 37. cxb5
{[%clk 0:18:27]} Rxa4+ {[%clk 0:02:22]} 38. Kb3 {[%clk 0:18:53]} Ra7
{[%clk 0:02:08]} 39. Rc1 {[%clk 0:16:25]} Rb7 {[%clk 0:01:07]} 40. Rxf6
{[%clk 0:43:20]} Rxb5 {[%clk 0:31:10]} 41. Ka4 {[%clk 0:39:15]} Rb7
{[%clk 0:29:53]} 42. Rf3 {[%clk 0:39:25]} d4 {[%clk 0:26:33]} 43. b5
{[%clk 0:37:14]} e5 {[%clk 0:18:02]} 44. Ka5 {[%clk 0:34:48]} e4 {[%clk 0:15:03]}
45. Rf6+ {[%clk 0:35:05]} Ke5 {[%clk 0:14:31]} 46. Rfc6 {[%clk 0:35:11]} e3
{[%clk 0:12:32]} 47. Ka6 {[%clk 0:35:15]} Rb8 {[%clk 0:06:28]} 48. R6c5+
{[%clk 0:31:18]} Kf4 {[%clk 0:06:43]} 49. Ka7 {[%clk 0:30:11]} Re8
{[%clk 0:04:30]} 50. Rf1+ {[%clk 0:21:11]} Kg4 {[%clk 0:02:57]} 51. Rc4
{[%clk 0:18:31]} e2 {[%clk 0:03:26]} 52. Rxd4+ {[%clk 0:18:41]} Re4
{[%clk 0:03:33]} 53. Rg1+ {[%clk 0:11:36]} Kf4 {[%clk 0:04:02]} 54. Rxe4+
{[%clk 0:10:35]} Bxe4 {[%clk 0:04:31]} 55. Kb6 {[%clk 0:08:09]} Ke3
{[%clk 0:04:46]} 56. Kc5 {[%clk 0:08:26]} Kf2 {[%clk 0:05:08]} 57. Ra1
{[%clk 0:08:43]} e1=Q {[%clk 0:05:23]} 58. Rxe1 {[%clk 0:09:10]} Kxe1
{[%clk 0:05:44]} 59. Kd4 {[%clk 0:09:38]} Bb7 {[%clk 0:05:43]} 60. Ke5
{[%clk 0:06:21]} Kf2 {[%clk 0:01:40]} 61. Kf6 {[%clk 0:06:03]} h5
{[%clk 0:01:21]} 62. Kg5 {[%clk 0:06:25]} Bf3 {[%clk 0:01:45]} 63. b6
{[%clk 0:06:34]} Kg2 {[%clk 0:02:05]} 64. h4 {[%clk 0:07:01]} Kg3
{[%clk 0:02:11]} 65. b7 {[%clk 0:07:20]} f6+ {[%clk 0:01:27]} 66. Kxf6
{[%clk 0:07:41]} Bxb7 {[%clk 0:01:54]} 67. Kg5 {[%clk 0:07:59]} Bf3
{[%clk 0:02:20]} 0-1